[Event "Corus"]
[Site "Wijk aan Zee"]
[Date "2004.01.14"]
[Round "4"]
[White "Adams, Michael"]
[Black "Zhang, Zhong"]
[Result "1-0"]
[WhiteElo "2720"]
[BlackElo "2639"]
[Annotator "Ftacnik,L"]
[PlyCount "83"]
[EventDate "2004.01.10"]
[EventType "tourn"]
[EventRounds "13"]
[EventCountry "NED"]
[EventCategory "19"]
[SourceTitle "CBM 099"]
[Source "ChessBase"]
[SourceDate "2004.03.30"]
[SourceVersion "1"]
[SourceVersionDate "2004.03.30"]
[SourceQuality "1"]

1. e4 c5 2. Nf3 d6 3. d4 cxd4 4. Nxd4 Nf6 5. Nc3 a6 6. Be3 e5 7. Nb3 Be6 8. f3
Be7 9. Qd2 O-O 10. O-O-O Qc7 11. g4 Rc8 12. g5 Nh5 13. Nd5 Bxd5 14. exd5 Nd7
15. Bh3 g6 16. Kb1 (16. Bg4 a5 (16... Ng7 17. h4 a5 18. h5 a4 19. Na1 a3 20. b3
gxh5 21. Bxh5 Nxh5 22. Rxh5 Qc3 23. Qxc3 Rxc3 24. Kd2 {1-0 Pena Gomez,M-Gomez
Anadon,D/Mondariz 2003/ (40)}) 17. Kb1 (17. Bxh5 a4 18. Na1 a3 19. b3 gxh5 20.
Kb1 (20. f4 exf4 21. Bd4 Ne5 22. Qxf4 Bf8 23. Rhf1 Bg7 24. Kb1 Ng6 {0-1
Iswarya,S-Gopal,G/Chennai 2004/ (39)}) 20... b5 21. Qd3 Nc5 22. Qf5 Na4 23.
bxa4 Qc3 24. Bc1 bxa4 25. Qd3 $2 (25. Nb3 $1) 25... Rab8+ 26. Nb3 axb3 27. cxb3
Rxb3+ 28. axb3 a2+ {0-1 Borisek,J-Sutovsky,E/Terme Zrece 2003/ (32)}) 17... a4
18. Nc1 a3 19. b3 Nf4 20. Bxf4 exf4 21. h4 Re8 22. Bxd7 Qxd7 23. Nd3 Bf8 24. h5
Qf5 25. hxg6 hxg6 26. Qxf4 Qxf4 27. Nxf4 Re5 {0-1 Winants,L-Sutovsky,E/
Chalkidiki 2002/ (49)}) 16... Bf8 17. Qc1 $5 $146 {[%mdl 4] Very important
novelty fo this variation and it truly reflects the strenghts of Adams. He is
not after crazy tactical complications, but strives for perfect location of
his pieces. White often feels, that the knight on b3 is far from perfect and
can hardly be improves. How about setting him on a dream square e4?} (17. Bg4
Nf4 18. Bxf4 exf4 19. Bxd7 Qxd7 20. Qxf4 Bg7 21. Rhe1 a5 22. a4 b5 23. Re4 Be5
24. Rxe5 dxe5 25. Qxe5 bxa4 26. Nd2 Qf5 27. Qxf5 gxf5 28. c4 $14 {1-0 Hautot,
S-Ftacnik,L/Rethymnon 2003/ (51)}) 17... Nf4 18. Bxf4 exf4 19. Nd2 $1 Bg7 (
19... Re8 20. Ne4 Bg7 21. Bxd7 Qxd7 22. Qxf4 $16) 20. Ne4 Be5 21. Rd2 (21. Nf6+
Nxf6 $1 22. Bxc8 Rxc8 23. gxf6 Bxf6 24. Rhe1 Be5 $14) 21... Qd8 (21... Re8 22.
Bxd7 Qxd7 23. h4 $14) 22. Bxd7 Qxd7 23. h4 Rc7 (23... Qb5 24. h5 Rc7 25. c3 $14
) 24. h5 Rac8 25. Rh4 Qf5 $6 {The queen doesn't belong to f5, when the knight
from e4 completely controls her freedom.} (25... Qb5 $5 26. hxg6 fxg6 27. Nf6+
Kh8 28. Ng4 Bc3 29. Rdh2 Re8 $13) 26. Rdh2 Re7 (26... Qd7 27. Qf1 $1 Qa4 28. c3
$16) 27. a3 b5 28. Qd2 Rc4 $6 (28... Rcc7 $1 29. Qa5 Qc8 30. Qb6 $14) 29. Qa5
Qc8 30. Nf6+ $1 {This jump was in the air for some time and it comes in very
unpleasant moment.} Bxf6 (30... Kf8 31. hxg6 fxg6 32. Rxh7 $18) 31. gxf6 Rec7 (
31... Rd7 32. hxg6 fxg6 33. Qe1 $18) 32. hxg6 fxg6 33. Qe1 $1 Qf8 (33... Rxc2
34. f7+ $1 Kxf7 35. Rxh7+ Kf6 36. Rxc2 Rxc2 37. Qe7+ Kf5 38. Rf7#) 34. Qe6+ Kh8
(34... Qf7 35. Rxh7 Qxe6 36. dxe6 Rxh7 37. Rxh7 Kxh7 38. e7 $18) 35. Rh6 b4 {
Black is utterly lost, as his counterplay has got nowhere and white simply
theatens to finish him off on the kingside.} (35... Rxc2 36. Rxc2 Rxc2 37. Kxc2
Qxh6 38. Qe8+ $18) (35... Qg8 36. Rxh7+ $1 Rxh7 37. Rxh7+ Qxh7 (37... Kxh7 38.
Qh3#) 38. Qe8+ Qg8 39. f7 $18) (35... g5 36. Qf5 Qg8 37. Rg6 Qf8 38. Rg7 Rxg7
39. fxg7+ Qxg7 40. Re2 $18) 36. axb4 Rxb4 37. Rxg6 Rb8 (37... Rcb7 38. b3 $18)
38. f7 Rxf7 (38... Qxf7 39. Qxd6 $18) 39. Qxd6 Re7 (39... Qxd6 40. Rxd6 a5 41.
Ra6 $18) 40. Rf6 Re1+ 41. Ka2 Qe8 42. Rxf4 1-0

[Event "Pamplona"]
[Site "Pamplona"]
[Date "2003.12.26"]
[Round "5"]
[White "Bologan, Viktor"]
[Black "Sutovsky, Emil"]
[Result "0-1"]
[WhiteElo "2673"]
[BlackElo "2646"]
[Annotator "Ftacnik,L"]
[PlyCount "58"]
[EventDate "2003.12.20"]
[EventType "tourn"]
[EventRounds "7"]
[EventCountry "ESP"]
[EventCategory "15"]
[SourceTitle "CBM 099"]
[Source "ChessBase"]
[SourceDate "2004.03.30"]
[SourceVersion "1"]
[SourceVersionDate "2004.03.30"]
[SourceQuality "1"]

1. e4 c5 2. Nf3 d6 3. d4 cxd4 4. Nxd4 Nf6 5. Nc3 a6 6. Be3 e5 7. Nb3 Be6 8. f3
Nbd7 9. g4 Nb6 10. Qd2 d5 11. g5 (11. O-O-O d4 12. Nxd4 exd4 13. Bxd4 Be7 (
13... Qc7 14. Qe3 Nbd7 15. g5 Nh5 16. Nd5 Bxd5 17. exd5+ Kd8 18. d6 Bxd6 19.
Qb3 Nf4 20. Bxg7 Re8 {0-1 Blehm,P-Senff,M/Yerevan 2000/ (40)}) 14. Qe3 Nbd7 15.
h3 Qa5 16. f4 Bxa2 17. g5 Nh5 18. h4 Rg8 19. Bh3 Nc5 20. Bg4 g6 21. Nxa2 Qxa2
22. Bxc5 Qa1+ 23. Kd2 Rd8+ 24. Ke2 {1-0 Topalov,V-Ivanchuk,V/Monte Carlo 2000/
(33)}) (11. exd5 Nfxd5 12. O-O-O Qc7 13. Nxd5 Nxd5 14. Bd3 Bb4 15. Qf2 O-O (
15... Rc8 16. Kb1 O-O 17. Be4 Nxe3 18. Qxe3 Be7 19. Bd3 Rfd8 20. Rhe1 Bh4 21.
Rg1 g6 {0-1 Vovsha,E-Kritz,L/Biel 2003/ (42)}) 16. Kb1 a5 17. a3 Nxe3 18. Qxe3
Be7 19. Rhe1 a4 20. Nd2 Ra5 21. Bf5 Bxf5 22. gxf5 Rc8 {1/2-1/2 Spasov,V-Hracek,
Z/Bled 2002/ (34)}) (11. Bxb6 Qxb6 12. exd5 Rd8 13. Qf2 Qxf2+ 14. Kxf2 Nxd5 15.
Nxd5 Bxd5 16. Bd3 Be7 17. Rhd1 h5 {0-1 Zhang Pengxiang-Zhao Jun/Tianjing 2003/
(52)}) 11... d4 12. Nxd4 $6 {Bologan might have felt obliged to play for a
refutation of black's strategy, but the piece sacrifice is risky.} (12. gxf6
dxe3 13. Qxe3 (13. Qxd8+ Rxd8 14. fxg7 Bxg7 15. Nc5 Bc8 16. Rg1 Bh6 $11) 13...
gxf6 14. Rd1 Nd7 $11) 12... exd4 13. Bxd4 Nh5 14. Qf2 $2 {White had no right
to make a second rate move in this sharp position, now he is lost.} (14. O-O-O
$1 Rc8 (14... Be7 15. f4 Bg4 16. Be2 Bxe2 17. Nxe2 Qd6 $15) 15. Qe3 Nd7 16. f4
Bg4 17. Rd2 $15) 14... Nc4 15. Bxc4 Bxc4 16. O-O-O (16. h4 Bd6 17. O-O-O Qc7
$17) 16... Qxg5+ 17. Kb1 Be7 18. Be3 (18. Rhg1 Qh6 $17) 18... Qh4 19. Qxh4 (19.
Qd2 Rd8 20. Nd5 Bxd5 21. exd5 O-O $19) 19... Bxh4 20. Nd5 Bd8 {Sutovsky has an
extra piece for one pawn and the queens are not on the board.} (20... Rd8 21.
Rd2 f5 $19) 21. Rd4 Rc8 22. b3 Be2 23. f4 Nf6 24. Re1 Bb5 (24... Bf3 25. Rf1
Bg4 $19) 25. c4 Bc6 26. f5 Bxd5 27. exd5 (27. cxd5 Ng4 28. Bf4 g5 29. Bg3 Bb6
$19) 27... Kd7 28. Rd3 Re8 29. Rf1 Ne4 0-1

[Event "Selfoss Milk Masters 2nd"]
[Site "Selfoss"]
[Date "2003.11.05"]
[Round "7"]
[White "Rowson, Jonathan"]
[Black "De Firmian, Nick E"]
[Result "1-0"]
[WhiteElo "2541"]
[BlackElo "2553"]
[Annotator "Ftacnik,L"]
[PlyCount "45"]
[EventDate "2003.10.29"]
[EventType "tourn"]
[EventRounds "9"]
[EventCountry "ISL"]
[EventCategory "15"]
[SourceTitle "CBM 098"]
[Source "ChessBase"]
[SourceDate "2004.02.03"]
[SourceVersion "1"]
[SourceVersionDate "2004.02.03"]
[SourceQuality "1"]

1. e4 c5 2. Nf3 d6 3. d4 cxd4 4. Nxd4 Nf6 5. Nc3 a6 6. Be3 Ng4 7. Bg5 h6 8. Bh4
g5 9. Bg3 Bg7 10. h3 Nf6 11. Qe2 Nc6 12. Nxc6 bxc6 13. e5 dxe5 14. Bxe5 O-O 15.
h4 g4 16. g3 a5 (16... Qb6 17. O-O-O Be6 18. Bg2 Rfd8 19. Rhe1 h5 20. b3 Rac8
21. Na4 Rxd1+ 22. Rxd1 Qb5 23. Bf1 Bc4 24. Qxc4 Qxe5 {0-1 Ponomariov,R-Polgar,
J/Benidorm 2002/ (38)}) 17. Bg2 Ba6 18. Qe3 Rc8 $2 {De Firmain has produced
the first independent move, but it makes a sorry impression. In the following
tactical tussle all trumphs will be sitting in white's hands.} (18... Qd7 19.
Qd4 Qxd4 20. Bxd4 Bb7 21. O-O-O a4 22. Rhe1 e6 23. Ne4 Nxe4 24. Rxe4 c5 25.
Bxg7 Bxe4 26. Bxf8 Bxg2 27. Bxh6 Bd5 28. b3 axb3 29. axb3 c4 {0-1 Van Beers,
E-Van den Doel,E/Tilburg 2003/ (50)}) 19. Rd1 Nd5 (19... Qe8 20. f3 $1 $16) 20.
Nxd5 cxd5 21. Rxd5 Bxe5 (21... Qe8 22. Bxg7 Kxg7 23. Qd4+ Kh7 24. Be4+ Kg8 25.
Rg5+ hxg5 26. Bh7+ Kxh7 27. hxg5+ Kg6 28. Rh6+ Kxg5 29. Qf4#) 22. Qxh6 $1 {
[%mdl 64] Very impressive solution in a position brimming with tactical
possibilities. Rowson is refraining from grabbing the queen and opts for the
violent kingside attack.} (22. Rxd8 Rfxd8 23. Qxh6 (23. Qxe5 Rxc2 24. Bd5 e6
$17) 23... Rd6 24. Qg5+ Bg7 $16) 22... Rxc2 (22... Qc7 23. Qxa6 (23. Be4 f5 (
23... Bc3+ 24. bxc3 Qxc3+ 25. Kd1 Qa1+ 26. Qc1 $18) 24. Qxa6 (24. Qe6+ Kg7 25.
Bxf5 Bc3+ 26. Kd1 Rf6 $11) 24... Rf6 25. Qxa5 Re6 26. Bxf5 Bc3+ 27. Kd1 Bxa5
28. Bxe6+ Kf8 29. Bxc8 Qxc8 30. Kc1 $16) 23... Qxc2 24. O-O Qxb2 25. Qxa5 Bg7
26. Rd2 Qf6 27. Qh5 $16) 23. Rxe5 $1 (23. Rxd8 Rxd8 24. Qxa6 Rc1+ 25. Ke2 Rc2+
26. Ke3 Bd4+ 27. Ke4 Bxb2 28. Rb1 $18) (23. Rxe5 $1 Re2+ (23... f6 24. Qg6+ Kh8
25. Rh5#) 24. Rxe2 Bxe2 25. Qg5+ Kh8 26. Qe5+ f6 27. Qxe2 $18) 1-0

[Event "Khanty-Mansiysk FIDE GP"]
[Site "Khanty-Mansiysk"]
[Date "2015.05.24"]
[Round "9"]
[White "Dominguez Perez, Leinier"]
[Black "Vachier Lagrave, Maxime"]
[Result "1/2-1/2"]
[WhiteElo "2734"]
[BlackElo "2754"]
[Annotator "Ftacnik,L"]
[PlyCount "55"]
[EventDate "2015.05.14"]
[EventType "tourn"]
[EventRounds "11"]
[EventCountry "RUS"]
[EventCategory "21"]
[SourceTitle "CBM 167"]
[Source "ChessBase"]
[SourceDate "2015.07.13"]
[SourceVersion "1"]
[SourceVersionDate "2015.07.13"]
[SourceQuality "1"]

1. e4 {[%emt 0:00:07]} c5 {[%emt 0:00:03]} 2. Nf3 {[%emt 0:00:10]} d6 {[%emt 0:
00:02]} 3. d4 {[%emt 0:00:08]} cxd4 {[%emt 0:00:02]} 4. Nxd4 {[%emt 0:00:10]}
Nf6 {[%emt 0:00:04]} 5. Nc3 {[%emt 0:00:09]} a6 {[%emt 0:00:01]} 6. f3 {
[%emt 0:00:58]} e5 {[%emt 0:00:11]} 7. Nb3 {[%emt 0:00:10]} Be6 {[%emt 0:00:16]
} 8. Be3 {[%emt 0:00:10]} Be7 {[%emt 0:00:03]} 9. Qd2 {[%emt 0:00:14]} O-O {
[%emt 0:00:05]} 10. O-O-O {[%emt 0:00:15]} Nbd7 {[%emt 0:00:03]} 11. g4 {
[%emt 0:00:49]} b5 {[%emt 0:00:05]} 12. g5 {[%emt 0:00:35]} b4 {[%emt 0:00:07]}
13. Na4 {[%emt 0:01:32] Dominguez is meeting one of the greatest current
experts on the Najdorf/Scheveningen complex. His choice in this great
theoretical position is the least often tested move, while the main line is
without fail 13.Ne2.} Nh5 {[%emt 0:12:44]} 14. Qxb4 {[%emt 0:00:45] The
elimination of the b4-pawn diminishes the danger of Black's queenside
counterplay, but in the simplified position White's chances for advantage will
become more limited.} (14. Kb1 Rb8 $1 (14... Qb8 15. Na5 Rc8 16. b3 Qc7 17. Nc4
Rab8 18. Ncb2 Qc6 19. Rg1 Nf4 20. Bc4 g6 21. h4 $14 {0-1 (37) Tirto (2370)
-Nguyen,A (2555) Kuala Lumpur 2005}) (14... a5 15. Bb5 Rb8 16. c4 Qc7 17. Rc1
Nc5 18. Rhd1 Rfd8 19. h4 f5 20. gxf6 Bxf6 21. Naxc5 dxc5 22. Qh2 $11 {1/2 (71)
Magem Badals,J (2560)-Pogorelov,R (2440) Las Palmas 1997}) (14... Qc7 15. Qxb4
Rfc8 16. Bd3 (16. Qd2 Qc6 17. Nc3 Nb6 18. Nd5 Bxd5 19. exd5 Qc7 20. Na5 g6 21.
c4 Bf8 22. Rc1 $18 {1-0 (40) Nandhidhaa,P (2126)-Divya,L (1828) Mumbai 2014})
16... Nc5 17. Nbxc5 dxc5 18. Qb6 c4 19. Be2 Rab8 20. Qxc7 Rxc7 $14 {1/2 (48)
Szalanczy,E (2295)-Erdelyi,Z (2362) Budapest 2009}) 15. Nc1 Qc7 16. b3 a5 17.
Nd3 (17. Rg1 Rfd8 18. Rg2 Nc5 19. Nxc5 dxc5 20. Qe1 Nf4 21. Bxf4 exf4 $15 {
1/2 (35) Gorjatchev,V (2355)-Vaulin,A (2480) Moscow 1996}) 17... Rfd8 18. Qf2
Nc5 19. Ndxc5 dxc5 $13) 14... d5 {[%emt 0:00:41]} 15. Qa5 {[%emt 0:01:58] The
great players of current chess have decided to avoid this line. Most likely
the anayses of the subsequent positions have not seemed to be promising much.}
(15. Bc5 Nxc5 16. Naxc5 a5 17. Qa4 Bxc5 18. Nxc5 Qxg5+ 19. Kb1 Qe3 20. Nxe6
fxe6 21. Bb5 Qxf3 22. exd5 exd5 23. Bc6 Rad8 24. Qxa5 Nf4 $11 {0-1 (38) Letov,
P (2264)-Sharafiev,A (2445) St Petersburg 2010}) (15. Nac5 d4 16. Nxe6 fxe6 17.
Qc4 dxe3 18. Bh3 $2 (18. Qxe6+ Kh8 (18... Rf7 19. Bc4) 19. Rxd7 Bxg5 20. Bc4 (
20. Bxa6 Qf6 21. Qxf6 Nxf6 22. Rd6 Nxe4 $1 $132 23. fxe4 $2 Rxa6 24. Rxa6 Rf1+
25. Rxf1 e2+ $19) 20... Qf6 21. Qxf6 Nxf6 22. Rd6) 18... Kh8 19. Bxe6 Ra7 20.
h4 Nf4 21. Kb1 e2 $19 {0-1 (24) Iordachescu,V (2520)-Vajda,L (2440) Bucharest
1998}) (15. Nbc5 Nxc5 16. Bxc5 Bxc5 17. Nxc5 Qxg5+ 18. Qd2 Nf4 19. h4 Qe7 20.
exd5 Bxd5 21. Nd3 Bxf3 22. Nxf4 Bxh1 23. Bd3 exf4 {0-1 (23) Jochens,A (2155)
-Van der Stricht,G (2427) Cappelle la Grande 2001}) 15... Bxg5 {[%emt 0:08:21]}
(15... Qxa5 $145 $5 16. Nxa5 d4 $13) 16. Bxg5 {[%emt 0:02:39]} Qxg5+ {[%emt 0:
00:55]} 17. Kb1 {[%emt 0:00:08]} dxe4 {[%emt 0:02:34]} 18. Nd4 $5 $146 {
[%emt 0:00:13][%mdl 8] This new move discloses the reason why Dominguez become
interested in the whole line. Black has to accept the exchange of the strong
e6-bishop and seek compensation in the activity of his knights.} (18. fxe4 Bg4
(18... Nf4 19. Bd3 Rfc8 20. Rhg1 Qe7 21. Rg3 g6 22. Bf1 Qh4 23. Rc3 Qxh2 24.
Rxc8+ Rxc8 25. Nc3 Bg4 $15 {0-1 (41) Mnatsakanian,E (2415)-Vaulin,A (2520)
Katowice 1992}) 19. Rg1 Qf4 20. Re1 Ndf6 (20... Nhf6 21. h3 Bh5 22. Qd2 Rfd8
$11) 21. Qd2 Rfd8 22. Bd3 Qxd2 23. Nxd2 Nf4 24. Nc5 a5 25. Nc4 Re8 $11 {
0-1 (44) Eyo Castro Rial,A (2192)-Zagrebelny,S (2482) Aghios Kirykos 2007})
18... Qf6 {[%emt 0:18:07]} 19. Nxe6 {[%emt 0:02:27]} Qxe6 {[%emt 0:02:23]} 20.
fxe4 {[%emt 0:00:09]} Ndf6 {[%emt 0:05:56]} (20... Nhf6 21. Nc3 Rfc8 22. Rd3
Qc6 23. Bh3 h5 24. Rhd1 $14) 21. b3 {[%emt 0:00:30] It is necessary to presume,
that White also prepared this dangerous move at home, otherwise he would
surely look at 21.Nc3 line. From the perspective of the annotator that is the
most promising idea with some slight pull for White.} (21. Nc3 Nf4 22. b3 (22.
Rg1 Rfc8 $11) 22... Rfc8 23. Bc4 Qe7 24. Rd2 Rab8 25. Rhd1 h6 26. Rd6 $14)
21... Nxe4 $1 {[%emt 0:12:45] Vachier Lagrave is rising to the occasion with
the daring, but also most promising grab of the e4-pawn.} (21... Nf4 22. Bc4
Qe7 23. Nc3 Rfc8 24. Rd2 Rab8 25. Rhd1 h6 26. Rd6 $14) 22. Bc4 {[%emt 0:02:17]
The logical follow-up to the idea which started with 21.b3, since putting
bishop on g2 was not leading to an advantage either.} (22. Bg2 Nhf6 23. Rhe1
Qg4 24. Bxe4 Nxe4 25. Qxe5 Rae8 26. Qd4 Qf4 27. Ka1 Qf5 $11) 22... Qf5 {
[%emt 0:05:55]} (22... Qe7 23. Bd5 Nf2 24. Bxa8 Rxa8 (24... Nxd1 25. Bf3 Nf2
26. Rf1 Qg5 27. h4 Qxh4 28. Qe1 $16) 25. Nb6 $16) 23. Rhf1 {[%emt 0:17:14]} (
23. Bd3 Nf4 (23... Nhf6 24. Nc5 Qf4 25. Nxe4 Nxe4 26. Rhf1 Qe3 $11) 24. Rhf1
Qg6 $11) 23... Nf4 {[%emt 0:00:35]} 24. Bd3 {[%emt 0:08:07]} (24. Nb6 $145 $5)
(24. Rde1 $145 $1) 24... Qg6 {[%emt 0:08:54]} 25. Rg1 {[%emt 0:20:43] The
Cuban star has decided to admit, that Black has solved the problems on the
highest level.} (25. Bxe4 Qxe4 26. Rfe1 Qc6 27. Qxe5 Ng6 28. Qd4 Rae8 $11) (25.
Qxe5 $6 Nxd3 26. cxd3 Rfe8 $11) 25... Qf5 {[%emt 0:00:53]} 26. Rgf1 {[%emt 0:
27:28]} Qg6 {[%emt 0:00:20]} 27. Rg1 {[%emt 0:04:36]} Qf5 {[%emt 0:00:08]} 28.
Rgf1 {[%emt 0:00:05]} 1/2-1/2

[Event "Budapest Hunguest Hotels"]
[Site "Budapest"]
[Date "2003.04.12"]
[Round "2"]
[White "Acs, Peter"]
[Black "Polgar, Judit"]
[Result "0-1"]
[WhiteElo "2600"]
[BlackElo "2715"]
[Annotator "Ftacnik,L"]
[PlyCount "66"]
[EventDate "2003.04.11"]
[EventType "tourn"]
[EventRounds "9"]
[EventCountry "HUN"]
[EventCategory "17"]
[SourceTitle "CBM 095"]
[Source "ChessBase"]
[SourceDate "2003.07.25"]
[SourceVersion "1"]
[SourceVersionDate "2003.07.25"]
[SourceQuality "1"]

1. e4 c5 2. Nf3 d6 3. d4 cxd4 4. Nxd4 Nf6 5. Nc3 a6 6. f3 Qb6 7. Nb3 e6 8. g4
Nc6 9. g5 {Acs has decided not to pursue the bishop to e3 right away. Black
queen can not sit on b6 forever, since otherwise Polgar would not be able to
develop the queenside.} Nd7 10. h4 Qc7 (10... Be7 11. h5) 11. Be3 b5 12. h5 Bb7
(12... b4 13. Ne2 Bb7 14. Nf4 Be7 15. Rg1 $13) 13. Rh3 Nb6 (13... g6 $2 14.
hxg6 fxg6 15. Nd4 $16) 14. Qd2 (14. g6 b4 15. gxf7+ Kxf7 16. Nb1 d5 $13) 14...
Ne5 (14... b4 15. Nd1 (15. Qf2 bxc3 16. Bxb6 Qe7 17. Be3 cxb2 18. Rb1 d5 $132)
15... Rd8 16. Qf2 Nc8 $13) 15. Qf2 Nec4 (15... Nbc4 16. Bd4 b4 17. Nd1 d5 18.
h6 $14) 16. Bd4 b4 (16... e5 17. Bxb6 Nxb6 18. O-O-O b4 19. Nd5 Nxd5 20. exd5
Rc8 21. Rg3 $11) 17. Nd1 d5 {Black is keeping low profile on the kingside, all
her energy goes into activity in the center and the queenside.} (17... e5 $5
18. Bxb6 Nxb6 19. Ne3 d5 20. exd5 Nxd5 21. Nxd5 Bxd5 22. f4 exf4 23. O-O-O Be6
24. Rhd3 $13) 18. e5 (18. h6 e5 19. hxg7 Bxg7 20. Bc5 dxe4 21. fxe4 Bxe4 $13)
18... Nd7 19. f4 Be7 20. Ne3 (20. g6 fxg6 21. hxg6 h6 22. Ne3 O-O 23. Qh2 Ndb6
24. O-O-O Nxe3 25. Bxe3 Nc4 $11) 20... a5 21. Nd2 (21. h6 g6 22. O-O-O O-O $11)
21... Nxd2 22. Qxd2 Nc5 23. g6 (23. h6 g6 24. Bb5+ Bc6 25. Bxc5 Bxc5 26. Nxd5
exd5 27. Qxd5 Bf2+ 28. Kf1 Ra6 29. Qd3 Rb6 30. Bxc6+ Rxc6 31. Kxf2 Rxc2+ $11) (
23. Bb5+ Bc6 $11) 23... hxg6 24. hxg6 Rxh3 25. Bxh3 (25. gxf7+ Kxf7 26. Bxh3
Ne4 27. Qg2 Bh4+ 28. Kd1 Bg3 29. f5 Bxe5 30. fxe6+ Kg8 $17) 25... Bh4+ 26. Kf1
$2 {The classical problem with schematic thinking, Acs subconciously drifts
the king to his flank. Somewhat paradoxically the right approach was to move
in the opposite direction to d1 with equal chances.} (26. Kd1 $1 Ne4 (26... f5
27. Bxf5 exf5 28. Nxf5 Ne4 29. Qh2 Qc4 30. Nxg7+ Kd7 31. Qh3+ Kc6 32. Ne6 Ba6
$11) 27. Qg2 Bg3 28. Qf3 Rc8 29. Bf1 f5 30. Bd3 $11) 26... Ne4 27. Qd1 (27. Qg2
Bg3 28. gxf7+ Qxf7 29. f5 Ba6+ 30. Kg1 Bf2+ 31. Kh2 exf5 $19) 27... Bf2 $1 28.
Qg4 (28. gxf7+ Qxf7 29. Qg4 Bc8 30. Ke2 g5 (30... Bg3 31. f5 Ba6+ 32. Kf3 $13)
31. fxg5 Bg3 $17) 28... Bxe3 29. Bxe3 d4 30. gxf7+ (30. Bg1 Qxc2 31. gxf7+ Kf8
32. Rd1 Nd2+ 33. Rxd2 (33. Kf2 Nf3+ 34. Kg3 Qxd1 $19) 33... Qxd2 34. Bf2 Rc8
$19) 30... Kf8 $1 {The key move of the tactical shoot out, black will be tempo
ahead in the attack.} 31. Qh4 (31. Bxd4 $2 Qc4+ 32. Ke1 Qxd4 $19) 31... Qc4+
32. Kg1 dxe3 33. Bg4 (33. Qh8+ Kxf7 34. Qh5+ Kg8 35. Re1 Bd5 36. Rxe3 Qxc2 $19)
33... e2 0-1